[Event "Hector S Nazzari Memorial 2019"]
[Site "Montevideo"]
[Date "2019.10.16"]
[Round "3.9"]
[White "Palacio, Enzo"]
[Black "Vazquez, Facundo"]
[Result "1/2-1/2"]
[WhiteElo "1780"]
[BlackElo "2103"]
[Annotator "TA"]
[PlyCount "127"]
[EventDate "2019.10.14"]
[EventType "swiss"]
[EventCountry "URU"]
[SourceTitle "playchess.com"]
[Source "ChessBase"]
[SourceQuality "1"]

{[%evp 25,127,3,7,0,8,0,0,0,13,0,15,14,35,0,27,18,48,23,22,22,16,15,26,16,36,39,31,16,281,77,74,0,0,-62,-75,-60,-35,-81,-71,-77,-58,-84,-46,-78,-45,-169,0,-38,-15,-7,-20,-35,0,0,0,0,0,-56,-85,-2319,-2070,-1949,-1739,-29957,-29961,-7730,-6837,-2827,-2251,-2249,-1735,-815,-710,-2020,-1606,-1210,-1210,-3130,-614,-1608,0,-4933,-757,-3462,-5482,-3399,-2812,-2350,-25,-387,0,0,0,0,0,0,8,8,8,8,8,8,8,8]} 1. e4 c5 2. Nf3 Nc6 3. d4 cxd4 4. Nxd4 Nf6 5. Nc3 e5 6. Ndb5 d6 7. Bg5 a6 8. Na3 b5 9. Nd5 Be7 10. Bxf6 Bxf6 11. c3 Ne7 12. Nc2 Nxd5 13. Qxd5 Rb8 14. Qd3 {B33: Sicilian: Pelikan and Sveshnikov Variations} (14. Nb4 Bb7 15. Qd3 O-O 16. Be2 a5 17. Nd5 b4 18. O-O bxc3 19. bxc3 Bg5 20. Rab1 Qd7 21. Rb3 Bc6 22. Rfb1 Rxb3 23. Rxb3 g6 24. Rb6 Rc8 25. h3 Bxd5 26. Qxd5 Rxc3 27. Rxd6 Qe7 28. Bd1 Rc7 29. g3 Kg7 30. Ba4 Bc1 31. Rc6 {½-½ (31) Giri,A (2793)-Carlsen,M (2853) Saint Louis 2015}) 14... Be6 15. Ne3 O-O 16. Be2 {[#]} Qd7 $146 ({Predecessor:} 16... Bg5 17. O-O Bxe3 18. Qxe3 Qc7 19. Rfd1 Rfd8 20. Rd2 a5 21. a3 b4 22. axb4 axb4 {0-1 (57) Terzic,S (2295)-Vukic,M (2504) Zenica 2006}) 17. O-O g6 18. Rfd1 Rfd8 19. h3 Bg7 20. Bg4 Qb7 21. b3 Rbc8 22. Rac1 Bh6 23. Rc2 Bxe3 24. Qxe3 f5 25. exf5 gxf5 26. Bh5 Kh8 $2 {[%mdl 8192] [#]} (26... f4 $11 27. Bf3 Qe7) 27. Rcd2 $2 (27. Rxd6 $1 $18 {[%mdl 512] and the rest is easy.} Rxd6 28. Qxe5+ {[%mdl 64] Double Attack} Qg7 29. Qxd6 Rxc3 30. Rxc3 (30. Qxe6 Rxc2 31. g3 Qb7 $11) 30... Qxc3 31. Qf8+ Bg8 32. Qxf5) 27... Rg8 $16 {[%csl Gg8][%cal Rb7g2]} 28. f4 (28. Bf3 $16 Qg7 29. Rxd6 {[%mdl 64] Double Attack}) 28... Qg7 $11 29. Re1 (29. Qe2 $11 Rxc3 30. Rxd6 {[%mdl 64] Double Attack} Rxh3 31. Qxe5 Qxe5 32. fxe5 Bxb3 33. axb3 Rxh5 34. Rxa6) 29... e4 $15 30. Rc1 d5 31. Rcc2 {[#]} b4 $1 {[%cal Rc8c3][%mdl 512]} 32. c4 (32. cxb4 d4) 32... dxc4 33. bxc4 Bxc4 34. Kh2 a5 {Threatens to win with ...a4.} 35. g4 (35. Bd1 $1 $15) 35... Be6 $2 (35... Bd3 $19 36. Rxc8 Rxc8 37. gxf5 Qc3) 36. g5 (36. Qb6 $5 {[%cal Rb6e6]} Bc4 37. g5 $15) 36... Rc3 37. Qb6 Bc4 38. Rg2 Bd3 39. Rxc3 bxc3 40. Bd1 h6 41. Qxa5 (41. Bb3 $11 c2 42. Bxc2) 41... e3 {...Qd4 is the strong threat.} (41... hxg5 42. Rxg5 Be2 43. Rxg7 $18) 42. Qd5 $2 {[%mdl 8192]} (42. Qc5 $17) 42... Be4 $19 43. Qc5 Bxg2 44. Kxg2 hxg5 45. Qxf5 gxf4+ {[%mdl 4096] Endgame KQR-KQB} 46. Bg4 Qb7+ 47. Kh2 Qb2+ {[%mdl 64] Double Attack} 48. Kh1 Qc1+ 49. Kh2 Qd2+ 50. Kh1 Qe1+ 51. Kh2 Qf2+ 52. Kh1 {[#]} Qe1+ (52... Rxg4 $142 $1 53. hxg4 (53. Qxg4 Qe1+) 53... Qh4+ 54. Kg1 Qg3+ 55. Kh1 Qe1+ 56. Kh2 Qe2+ 57. Kg1 Qc4 58. Qf8+ Kh7 59. Qe7+ Kg6 60. Qe8+ Kf6 61. Qh8+ Ke7 62. Qe5+ Kd7 63. Qf5+ Kd6 64. Qf8+ Kd5) 53. Kh2 Qg3+ 54. Kh1 {[#]} Rxg4 $1 {[%mdl 64] Remove Defender} 55. hxg4 {KQ-KQ} (55. Qxg4 Qxg4) 55... Qh4+ 56. Kg1 Qh6 $2 (56... Qe1+ $19 57. Kg2 Qf2+ 58. Kh1 Qf1+ 59. Kh2 Qc4 60. Qh5+ Kg7 61. Qe5+ Kf7 62. Qf5+ Ke7 63. Qe5+ Kd7 64. Qf5+ Kd6 65. Qg6+ Kd5 66. Qf5+ Kd4) 57. g5 $2 {[%mdl 8192] [#]} (57. Qe5+ $1 $11 {and White has nothing to worry.} Kh7 58. a4) 57... Qg7 $2 ({Black should play} 57... Qd6 $1 $19 58. g6 {[#]} c2 $1 {[%mdl 512]} 59. Qxc2 Kg7) 58. Qxf4 $11 {The position is equal.} c2 59. Qb8+ Kh7 60. Qh2+ {[%mdl 64] Double Attack} Kg8 $132 {[%mdl 2048] Black is fighting back} 61. Qxc2 {And now Qc8+ would win.} Qxg5+ 62. Qg2 Qxg2+ 63. Kxg2 {Threatening mate with a4.} Kf7 (63... e2 $5 64. Kf2 $8 Kf8 $11) 64. Kf3 {Accuracy: White = 42%, Black = 50%.} 1/2-1/2

[Event "Hector S Nazzari Memorial 2019"]
[Site "Montevideo"]
[Date "2019.10.16"]
[Round "3.10"]
[White "Saralegui, Mario"]
[Black "Rodriguez Farias, Eduardo"]
[Result "0-1"]
[WhiteElo "2059"]
[BlackElo "1931"]
[Annotator "NA RC"]
[PlyCount "88"]
[EventDate "2019.10.14"]
[EventType "swiss"]
[EventCountry "URU"]
[SourceTitle "playchess.com"]
[Source "ChessBase"]
[SourceQuality "1"]
[TimeControl "5400+30"]

{[%evp 23,88,-21,15,14,72,45,52,62,32767,84,32767,-47,32767,32767,32767,32767,107,-33,32767,-45,-26,32767,32767,-109,-95,-119,-95,-111,-98,-89,-91,-110,-94,-174,-167,-175,-177,-222,-214,-297,-255,-288,-284,-336,-294,-368,-373,-837,-985,-1003,-451,-454,-461,-598,-594,-555,-629,-807,-634,-790,-855,-998,-803,-4686,-2463,-2010,-4431]} 1. d4 {[%emt 0:00:00]} Nf6 {[%emt 0:03:45]} 2. c4 {[%emt 0:00:07]} g6 {[%emt 0:00:35]} 3. Nc3 {[%emt 0:00:39]} Bg7 {[%emt 0:00:15]} 4. e4 {[%emt 0:00:26]} d6 {[%emt 0:00:06]} 5. Nf3 {[%emt 0:01:25]} O-O {[%emt 0:00:13]} 6. Be2 {[%emt 0:00:51]} e5 {[%emt 0:00:21]} 7. dxe5 {[%emt 0:02:09]} dxe5 {[%emt 0:00:14]} 8. Qxd8 {[%emt 0:00:07]} Rxd8 {[%emt 0:00:09]} 9. Bg5 {[%emt 0:00:03]} c6 {[%emt 0:00:30]} 10. Nxe5 {[%emt 0:03:30]} Re8 {[%emt 0:00:15]} 11. f4 {[%emt 0:00:15]} Na6 {[%emt 0:04:27]} 12. O-O-O {[%emt 0:04:30]} Nc5 {[%emt 0:01:14]} 13. Bf3 {[%emt 0:05:29]} h6 {[%emt 0:00:14]} 14. Bh4 {[%emt 0:01:58] E92: King's Indian: Classical: 6 Be2 e5: 7 dxe5, 7 Be3 and Petrosian System without 7...Nbd7} g5 {[%emt 0:04:12]} 15. Bf2 {[%emt 0:00:13]} ({Worse is} 15. fxg5 hxg5 16. Bxg5 (16. Bg3 $2 g4 $19) 16... Rxe5 $19 {[%mdl 64] Double Attack}) 15... Ne6 {[%emt 0:11:16]} 16. f5 {[%emt 0:18:35]} Nf4 {[%emt 0:09:32]} 17. Nd3 {[%emt 0:00:15]} (17. g3 $16 Nh3 18. Nd3) 17... Nxd3+ {[%emt 0:10:35]} 18. Rxd3 {[%emt 0:00:07]} g4 {[%emt 0:00:07] [#]} 19. Be2 $146 {[%emt 0:00:06]} ({Predecessor:} 19. Bd1 Nxe4 20. Nxe4 Rxe4 21. Rd8+ {1-0 (55) Gutman,G (2501)-Yuffa,D (2302) Pardubice 2011}) 19... b6 {[%emt 0:02:52]} (19... Nxe4 $11 {keeps the balance.} 20. Nxe4 Bxf5 21. Bxg4 Bxg4) 20. h3 {[%emt 0:02:59]} (20. Rhd1 $16) 20... Nxe4 {[%emt 0:08:18]} 21. Nxe4 {[%emt 0:03:23]} Bxf5 {[%emt 0:00:06]} 22. Rg3 {[%emt 0:28:22]} Bxe4 {[%emt 0:02:56]} 23. Bxg4 {[%emt 0:04:40]} Be5 {[%emt 0:02:37]} 24. Rb3 {[%emt 0:05:01]} Bf4+ {[%emt 0:01:21]} 25. Be3 {[%emt 0:01:50]} Bxg2 {[%emt 0:01:23]} 26. Bxf4 {[%emt 0:00:29]} Bxh1 {[%emt 0:00:15]} 27. Rg3 {[%emt 0:00:21]} Kh8 {[%emt 0:03:16]} 28. Bxh6 {[%emt 0:03:28]} (28. Bd2 $17 f6 29. Bc3) 28... Be4 {[%emt 0:01:10]} 29. Bg5 {[%emt 0:00:42]} Kh7 {[%emt 0:03:00]} 30. Bf6 {[%emt 0:01:01]} (30. h4 {might work better.}) 30... Rg8 {[%emt 0:00:33]} 31. Re3 {[%emt 0:01:04]} Kg6 {[%emt 0:06:56]} 32. Bc3 {[%emt 0:03:14]} f5 {[%emt 0:00:12]} 33. Be2 {[%emt 0:01:06]} c5 {[%emt 0:03:23]} 34. b3 {[%emt 0:00:35]} Rae8 {[%emt 0:01:35]} 35. h4 $2 {[%emt 0:00:44]} (35. Rg3+ Kf7 36. Be1 Rxg3 37. Bxg3) 35... f4 {[%emt 0:01:28]} 36. Rh3 {[%emt 0:01:31]} Kh6 {[%emt 0:01:09]} 37. Bd2 {[%emt 0:00:20]} Ref8 {[%emt 0:00:19]} 38. Bf3 {[%emt 0:01:04]} Bxf3 {[%emt 0:02:25]} 39. Rxf3 {[%emt 0:00:02]} Rg4 {[%emt 0:00:02]} 40. Rd3 {[%emt 0:02:10]} Rf7 {[%emt 0:00:14]} 41. Rd6+ {[%emt 0:00:31]} Kh5 {[%emt 0:00:46]} 42. Be1 {[%emt 0:01:21]} Rg1 {[%emt 0:04:13]} 43. Kd2 {[%emt 0:00:11]} Re7 {[%emt 0:01:24]} 44. Rd5+ $19 {[%emt 0:00:27]} Kh6 {[%emt 0:00:15]} 0-1

[Event "Hector S Nazzari Memorial 2019"]
[Site "Montevideo"]
[Date "2019.10.16"]
[Round "3.11"]
[White "El Ters, Antouan"]
[Black "Gomez Troccoli, Martin"]
[Result "1-0"]
[WhiteElo "2200"]
[BlackElo "1961"]
[Annotator "TA"]
[PlyCount "53"]
[EventDate "2019.10.14"]
[EventType "swiss"]
[EventCountry "URU"]
[SourceTitle "playchess.com"]
[Source "ChessBase"]
[SourceQuality "1"]

{[%evp 25,53,35,43,19,25,13,141,127,150,149,358,375,373,368,363,342,319,0,458,465,450,0,0,0,634,603,2089,1929,1785,2299]} 1. e4 e6 2. d4 d5 3. Nd2 Nf6 4. Bd3 c5 5. e5 Nfd7 6. c3 Nc6 7. Ne2 cxd4 8. cxd4 f6 9. exf6 Nxf6 10. O-O Bd6 11. Nf3 Qc7 12. g3 O-O 13. Bf4 Ng4 {[%cal Rd6f4]} 14. Bxd6 {C06: French Tarrasch: 3...Nf6 4 e5 Nfd7 5 Bd3 main lines} (14. Rc1 Bxf4 15. Nxf4 Rxf4 16. gxf4 Qxf4 17. Be2 Bd7 18. Qd2 Qf5 19. h3 Nf6 20. Qe3 Ne4 21. Nh2 Rf8 {½-½ (48) Kokarev,D (2625)-Kryakvin,D (2588) Taganrog 2014}) 14... Qxd6 15. Nc3 {next Bxh7+! is good for White.} Bd7 {[#]} (15... Qd8 $11 {remains equal.}) 16. Bxh7+ $1 $16 {[%mdl 512] White is clearly better.} Kxh7 17. Ng5+ {[%mdl 64] Discovered Attack} Kg6 $2 (17... Kg8 $16) 18. Qxg4 $18 e5 19. Ne6+ $1 {[%mdl 64] Double Attack} Kf7 20. Qxg7+ {[%mdl 64] Double Attack} Kxe6 21. Nb5 $146 (21. dxe5 $18 Qc5 22. Rad1) ({Predecessor:} 21. f4 Qe7 {½-½ (44) Olsson,A (2265)-Berg,E (2481) Linkoping 2001}) 21... Qb8 $2 {[%mdl 8192] [#]} (21... Qe7 $11 22. Qg6+ Rf6 23. Nc7+ Kd6 24. Nb5+ Ke6 25. Nc7+ Kd6 26. Nb5+ Ke6) 22. f4 $1 {[%mdl 512]} Ne7 {[#]} (22... exf4 23. Rae1+) 23. Qh6+ $2 $40 {[%mdl 128] White is up to no good.} (23. Nd6 $1 $18 {[%csl Gd4,Gf4][%cal Rg7e5][%mdl 512]} Bc6 (23... Qxd6 24. fxe5) 24. fxe5 Rxf1+ 25. Rxf1) 23... Rf6 $11 24. Qh3+ Nf5 $2 {[%mdl 8192]} (24... Rf5 $11 25. Qh6+ Rf6 26. Qh3+ Rf5 27. Qh6+ Rf6) 25. fxe5 $18 {White is clearly winning.} Bxb5 26. exf6 Bxf1 27. Rxf1 {Accuracy: White = 50%, Black = 13%.} 1-0

[Event "Hector S Nazzari Memorial 2019"]
[Site "Montevideo"]
[Date "2019.10.16"]
[Round "3.12"]
[White "Tregarthen, Emiliano"]
[Black "Belistri, Ubaldo"]
[Result "1-0"]
[WhiteElo "2039"]
[BlackElo "1853"]
[Annotator "NA RC"]
[PlyCount "104"]
[EventDate "2019.10.14"]
[EventType "swiss"]
[EventCountry "URU"]
[SourceTitle "playchess.com"]
[Source "ChessBase"]
[SourceQuality "1"]
[TimeControl "5400+30"]

{[%evp 9,104,37,27,40,32,32767,32767,32767,32767,32767,32767,32767,32767,32767,10,-31,32767,-3,-23,-10,-18,-38,32767,32767,32767,32767,32767,32767,5,-12,39,21,69,43,82,32767,174,154,161,32767,157,176,32767,174,32767,32767,32767,32767,32767,247,189,32767,32767,194,356,515,426,479,1174,443,581,692,605,-1004,-1312,-944,-857,-705,-393,-388,-479,-393,-402,-404,0,0,0,-312,-308,-339,-291,-317,0,0,0,-360,-362,-522,-657,-570,-745,-12833,-1008,-29991,-29989,-29994,-1210]} 1. e4 {[%emt 0:00:00]} c6 {[%emt 0:00:00]} 2. d4 {[%emt 0:00:00]} d5 {[%emt 0:00:06]} 3. Nc3 {[%emt 0:00:00]} dxe4 {[%emt 0:01:50]} 4. Nxe4 {[%emt 0:00:06]} Nf6 {[%emt 0:00:14]} 5. Nxf6+ {[%emt 0:01:05]} exf6 {[%emt 0:00:09]} 6. Nf3 {[%emt 0:00:32]} Bd6 {[%emt 0:00:18]} 7. Bd3 {[%emt 0:00:40]} O-O {[%emt 0:00:23]} 8. O-O {[%emt 0:00:18]} Bg4 {[%emt 0:02:31]} 9. h3 {[%emt 0:04:41]} Bh5 {[%emt 0:00:20] B15: Caro-Kann: 3 Nc3: 3...g6 and 3...dxe4 4 Nxe4 Nf6 5 Nxf6+ exf6} 10. Re1 {[%emt 0:02:23]} (10. Be4 Re8 11. Qd3 Bg6 12. Bxg6 hxg6 13. Bd2 Nd7 {½-½ (13) Ghaem Maghami,E (2574)-Berkes,F (2648) Rasht 2017}) 10... Nd7 {[%emt 0:01:04]} 11. c4 {[%emt 0:03:47]} c5 {[%emt 0:08:11]} 12. d5 $146 {[%emt 0:06:46]} ({Predecessor:} 12. Be4 Qc7 13. Qd3 Bxf3 14. Bxf3 cxd4 15. Qxd4 Be5 16. Qe4 Nc5 {½-½ (30) Karasova,E (2326)-Oger,C (2374) ICCF email 2013}) 12... Ne5 {[%emt 0:01:15]} 13. g4 {[%emt 0:03:32]} Nxd3 {[%emt 0:00:16]} 14. Qxd3 {[%emt 0:00:09]} Bg6 {[%emt 0:00:02]} 15. Qc3 {[%emt 0:01:19]} h6 {[%emt 0:01:15]} 16. Nh4 {[%emt 0:02:49]} Bh7 {[%emt 0:00:25]} 17. Qf3 {[%emt 0:03:19]} Be5 {[%emt 0:05:37]} 18. Nf5 {[%emt 0:01:33]} Bxf5 {[%emt 0:03:47]} 19. gxf5 {[%emt 0:07:38]} Re8 {[%emt 0:01:52]} (19... b5 $5) 20. Re4 {[%emt 0:05:23]} Kh7 {[%emt 0:07:30]} 21. Be3 {[%emt 0:06:49]} b6 {[%emt 0:05:45]} 22. Rh4 {[%emt 0:04:32]} Qe7 $2 {[%emt 0:04:30] [#]} (22... Bxb2 $11 {and Black stays safe.} 23. Rb1 Bd4) 23. Kh1 $1 {[%emt 0:05:43]} Rg8 {[%emt 0:04:26]} 24. Qh5 {[%emt 0:01:17]} Qf8 {[%emt 0:00:37]} 25. Rg1 {[%emt 0:00:48]} Bd4 {[%emt 0:10:57]} 26. Bxd4 {[%emt 0:01:08]} cxd4 {[%emt 0:00:03]} 27. Rxd4 {[%emt 0:00:11]} Qe7 {[%emt 0:00:36]} 28. Qg4 {[%emt 0:01:21]} Rae8 {[%emt 0:01:03]} 29. d6 {[%emt 0:01:24]} Qd7 {[%emt 0:00:32]} 30. b4 {[%emt 0:01:05]} Re5 {[%emt 0:02:46]} 31. Rc1 {[%emt 0:03:27]} Rxf5 {[%emt 0:04:29]} 32. c5 {[%emt 0:03:27]} bxc5 {[%emt 0:04:53]} 33. bxc5 {[%emt 0:07:15]} Rc8 {[%emt 0:03:32] [#]} (33... Qc6+ $142 34. Qe4 Qxe4+ 35. Rxe4 Rd5) 34. Qe4 {[%emt 0:08:33]} (34. Rd5 $142 $3 {[%mdl 512]}) 34... g6 {[%emt 0:02:33]} 35. c6 {[%emt 0:00:45]} Rxf2 {[%emt 0:02:21]} 36. Qg4 $4 {[%emt 0:02:06] [#]} (36. cxd7 $2 {leads to mate.} Rxc1+ 37. Rd1 Rxd1+ 38. Qe1 Rxe1#) (36. Kg1 $18 Rxa2 37. Rc2 (37. cxd7 $2 {gets mated.} Rxc1+ 38. Rd1 Rxd1+ 39. Qe1 Rxe1#) 37... Qxh3 38. Rxa2 Rxc6 39. Qxc6 Qe3+ 40. Kf1 Qxd4 41. d7) 36... Rxc6 $1 {[%emt 0:00:44]} 37. Kg1 {[%emt 0:08:16]} f5 {[%emt 0:01:26]} 38. Qd1 {[%emt 0:00:59]} Rxc1 {[%emt 0:04:06]} 39. Qxc1 {[%emt 0:00:25]} Rxa2 {[%emt 0:00:38]} 40. Qc4 {[%emt 0:00:55]} Ra1+ {[%emt 0:00:21]} 41. Kf2 $1 $11 {[%emt 0:00:12]} Qb7 $2 {[%emt 0:04:30]} (41... g5 $19 42. Qe2 Kg6) 42. Qd5 {[%emt 0:02:05]} Qd7 {[%emt 0:03:52]} 43. Rd2 $2 {[%emt 0:00:07]} Ra6 {[%emt 0:02:14]} 44. Qd4 {[%emt 0:00:42]} Rc6 {[%emt 0:01:02]} 45. Qf6 {[%emt 0:00:48]} Kg8 $2 {[%emt 0:02:11]} (45... Rb6 $19 46. Qe7 Rb7) 46. Qe7 {[%emt 0:00:29] [#]} Rc7 $1 {[%emt 0:01:58]} 47. Qf6 $2 {[%emt 0:01:42]} (47. dxc7 $11 Qxd2+ 48. Kg1 Qd4+ 49. Kh1 Qd1+ 50. Kg2 Qd2+ 51. Kf3 Qc3+ 52. Kg2 Qc6+ 53. Kg3 f4+ 54. Kxf4) 47... Rc8 {[%emt 0:00:13]} 48. Re2 {[%emt 0:00:28]} (48. Qe7 $142 Qa4 49. Qe3) 48... Qa4 {[%emt 0:01:21]} 49. Qe5 {[%emt 0:00:26]} Qh4+ {[%emt 0:01:14]} 50. Kg2 {[%emt 0:00:12]} f4 {[%emt 0:01:40]} 51. Kf3 {[%emt 0:01:01]} Qxh3+ {[%emt 0:00:15]} 52. Kxf4 {[%emt 0:00:20]} Qh4+ $19 (52... Rc4+ $142 53. Qd4 Rxd4+ 54. Re4 Rd3 55. Re8+ Kh7 56. Rh8+ Kxh8 57. Ke5 Qf5#) 1-0

[Event "Hector S Nazzari Memorial 2019"]
[Site "Montevideo"]
[Date "2019.10.16"]
[Round "3.13"]
[White "Vaz Lacuesta, Leonardo"]
[Black "Escofet, Jaime"]
[Result "1-0"]
[WhiteElo "2103"]
[BlackElo "2010"]
[Annotator "TA"]
[PlyCount "71"]
[EventDate "2019.10.14"]
[EventType "swiss"]
[EventCountry "URU"]
[SourceTitle "playchess.com"]
[Source "ChessBase"]
[SourceQuality "1"]

{[%evp 9,91,41,43,26,37,26,28,27,40,49,45,42,58,14,26,6,16,0,0,0,10,0,34,27,41,0,9,0,0,0,31,-28,33,29,66,49,77,75,101,91,93,31,44,33,29,20,68,0,0,4,14,-50,0,0,0,0,0,-85,0,0,0,0,12,-19,-15,-7,0,-9,-14,-6,0,-2,-5,-47,6203,5956,2918,2844,1691,1472,29996,29997,29997,29998]} 1. d4 f5 2. Bf4 Nf6 3. e3 d6 (3... e6 4. Be2 Nc6 5. Nf3 Ne7 6. O-O Ng6 7. c4 b6 8. Nc3 Bb4 9. Rc1 Bb7 10. Nb5 Nxf4 11. exf4 a6 {½-½ (53) Ni,H (2668)-Maghsoodloo,P (2656) Abu Dhabi 2019}) 4. h3 h6 5. Be2 $146 ({Predecessor:} 5. Bd3 g5 6. Bh2 c6 7. c3 Qa5 8. Nd2 Qd5 9. f3 Qf7 10. Qc2 {1-0 (65) Berchtold,G (1938)-Hapala,M (1783) Bad Gleichenberg 2013}) 5... g6 6. c3 {A80: Dutch Defence: Unusual White second moves} Bg7 7. Qb3 e6 8. Nd2 {White has an edge.} Nc6 9. Ngf3 g5 10. Bh2 Qe7 11. Nc4 O-O 12. Nfd2 Rb8 13. Bf3 Bd7 14. a4 Be8 15. Qa3 Qf7 16. b4 d5 17. b5 dxc4 18. bxc6 g4 $1 {[%cal Rg4f3]} 19. Be2 Bxc6 20. Rg1 (20. hxg4 $14 fxg4 21. O-O) 20... h5 ({Black should play} 20... f4 $11 21. exf4 Nd5) 21. Nxc4 $14 Ne4 22. Ne5 Qe8 {Black wants to play ...g3!} 23. Bf4 Nf6 24. c4 Rc8 25. f3 ({Better is} 25. Qa2 $16) 25... Nd7 $1 26. hxg4 Nxe5 27. dxe5 hxg4 28. Kf2 (28. fxg4 $14 fxg4 29. O-O-O) 28... Rd8 $11 29. Rh1 Rd2 30. Rh4 (30. Qc3 $11 Rd7 31. Rh4) 30... Qg6 {[#] White must now prevent ...Rfd8.} 31. Ra2 Rfd8 32. Rxd2 Rxd2 33. Qc3 {[#]} (33. Ke1 $11 {keeps the balance.} Rd7 34. fxg4) 33... Ra2 (33... Rxe2+ $1 $17 {[%mdl 512]} 34. Kxe2 gxf3+ 35. gxf3 Qg2+ {[%mdl 64] Double Attack} 36. Ke1 Bxf3) 34. Qd3 {[%cal Rh4g4] Strongly threatening Rxg4.} gxf3 35. gxf3 Ra1 {[%csl Ga1][%cal Rg6g1]} 36. Qd8+ {Played: Rh4-g4} 1-0

[Event "Hector S Nazzari Memorial 2019"]
[Site "Montevideo"]
[Date "2019.10.16"]
[Round "3.14"]
[White "Soto, Nicolas"]
[Black "Genta, Alejandro"]
[Result "0-1"]
[WhiteElo "2013"]
[BlackElo "2036"]
[Annotator "NA RC"]
[PlyCount "78"]
[EventDate "2019.10.14"]
[EventType "swiss"]
[EventCountry "URU"]
[SourceTitle "playchess.com"]
[Source "ChessBase"]
[SourceQuality "1"]
[TimeControl "5400+30"]

{[%evp 12,78,30,39,29,46,53,61,80,32767,32767,32767,32767,32767,32767,0,33,48,54,29,37,23,35,47,41,22,12,0,13,12,32767,32767,32767,-17,16,-19,0,-38,-17,-71,-59,-121,-52,-146,-185,-188,-193,-189,-146,-145,-151,-208,-189,-172,-175,-168,-152,-132,-182,-941,-993,-922,-935,-1082,-1112,-1081,-1227,-1072,-1155]} 1. e4 {[%emt 0:04:15]} c5 {[%emt 0:00:00]} 2. Nf3 {[%emt 0:00:15]} e6 {[%emt 0:00:00]} 3. b3 {[%emt 0:00:18]} Nf6 {[%emt 0:03:11]} 4. e5 {[%emt 0:00:59]} Nd5 {[%emt 0:00:06]} 5. g3 {[%emt 0:00:53]} Be7 {[%emt 0:07:42]} 6. Bb2 {[%emt 0:03:57]} Nc6 {[%emt 0:02:27]} 7. Bg2 {[%emt 0:06:03]} f6 {[%emt 0:01:54]} 8. O-O {[%emt 0:05:55]} O-O {[%emt 0:00:18]} 9. c4 {[%emt 0:01:01] B40: Sicilian: 2...e6, Unusual lines} Ndb4 {[%emt 0:00:49]} (9... Nc7 10. d4 cxd4 11. Nxd4 Nxe5 12. Nc3 Nc6 13. Re1 a6 14. Qd2 Bc5 15. Na4 Ba7 16. Rad1 Qe8 {1-0 (32) Onischuk,V (2594)-Milov,V (2622) Dubai 2014}) 10. d4 {[%emt 0:05:13]} cxd4 {[%emt 0:00:30]} 11. a3 {[%emt 0:00:41]} Na6 {[%emt 0:00:23]} 12. Nxd4 $146 {[%emt 0:08:40]} ({Predecessor:} 12. exf6 Bxf6 13. b4 Qb6 14. Nbd2 Nc5 15. Rb1 Nd3 16. Ba1 Nce5 17. Nxe5 Nxe5 {½-½ (42) Kobs,S (1986)-Klauke,S (2125) Vellmar 2013}) 12... Nxe5 {[%emt 0:01:17]} 13. Nb5 {[%emt 0:04:32]} Nf7 {[%emt 0:08:03]} 14. Bd4 {[%emt 0:02:38]} Bc5 {[%emt 0:02:57]} 15. b4 {[%emt 0:06:42]} Bxd4 {[%emt 0:00:06]} 16. Qxd4 {[%emt 0:00:11]} d5 {[%emt 0:19:34]} 17. cxd5 {[%emt 0:08:57]} e5 {[%emt 0:00:51]} 18. Qe3 {[%emt 0:03:05]} Nc7 {[%emt 0:07:23]} 19. N1c3 {[%emt 0:02:39]} Nxb5 {[%emt 0:00:10]} 20. Nxb5 {[%emt 0:00:27]} Bd7 {[%emt 0:07:08]} 21. Nc3 {[%emt 0:08:40]} Nd6 {[%emt 0:00:13]} 22. Ne4 {[%emt 0:06:39]} Nf5 {[%emt 0:00:15]} 23. Qd3 {[%emt 0:01:09]} Nd4 {[%emt 0:01:08]} 24. a4 {[%emt 0:01:00]} Bf5 {[%emt 0:05:13]} 25. Rfd1 {[%emt 0:00:11]} (25. f4 $11 {remains equal.}) 25... Rc8 {[%emt 0:00:22]} 26. Ra2 {[%emt 0:06:11]} ({White should try} 26. Rdc1 $15) 26... Rf7 {[%emt 0:07:20]} (26... Kh8 $17 27. d6 Bxe4 28. Qxe4 Qxd6) 27. Qd2 {[%emt 0:02:13] [#]} (27. f4 $15) 27... Bg4 $1 {[%emt 0:09:47]} 28. Re1 {[%emt 0:05:37]} Bf3 {[%emt 0:01:00]} 29. d6 {[%emt 0:01:19]} Bxe4 {[%emt 0:03:02]} 30. Rxe4 {[%emt 0:00:55]} Qxd6 {[%emt 0:00:03]} 31. f4 {[%emt 0:00:26]} Rfc7 {[%emt 0:02:13]} 32. Re1 {[%emt 0:03:02]} Rd8 {[%emt 0:05:20]} 33. Qf2 {[%emt 0:00:27]} Qxb4 {[%emt 0:01:53]} 34. fxe5 {[%emt 0:01:00]} fxe5 {[%emt 0:00:29]} 35. Rxe5 $2 {[%emt 0:00:27]} (35. a5) 35... Rc1+ {[%emt 0:00:28]} 36. Bf1 {[%emt 0:00:41]} Rf8 {[%emt 0:00:03]} 37. Qxf8+ {[%emt 0:00:20]} Qxf8 {[%emt 0:01:00]} 38. Rf2 {[%emt 0:00:01]} Nf3+ {[%emt 0:00:39]} 39. Kg2 $19 {[%emt 0:00:22]} Nxe5 {[%emt 0:00:03]} 0-1